00314nam a2200121Ia 4500008004100000041000800041082001400049100001700063245004500080260002900125300003100154365000700185240624s9999 xx 000 0 und d aeng a174.4 FER aFERNANDO A C aBUSINESS ETHICS AND CORPORATE GOVERNANCE c2012aNew DelhibPearson axii, : 450 : p. : cm. ; 28 cRS